Návrh robotizovaného pracoviska na zváranie laserom
Enregistré dans:
| Auteur principal: | |
|---|---|
| Autres auteurs: | |
| Format: | Manuscrit Livre |
| Langue: | slovaque |
| Publié: |
2018
|
| Sujets: | |
| Accès en ligne: | http://is.stuba.sk/zp/portal_zp.pl?podrobnosti=115056 |
| Tags: |
Pas de tags, Soyez le premier à ajouter un tag!
|
MARC
| LEADER | 00000ntm a22000003a 4500 | ||
|---|---|---|---|
| 001 | stuzp62527 | ||
| 003 | SK-STU | ||
| 005 | 20180820151755.8 | ||
| 007 | ta | ||
| 008 | 150427s2015----xo-----f-mn---000-0-slo-d | ||
| 040 | |a STU |b slo | ||
| 041 | 0 | |a slo | |
| 100 | 1 | |a Horváth, Šimon |u 063000 |4 aut |U MTF Materiálovotechnologická fakulta |T MTF Ústav výrobných technológií |X 73400 |U M3000 |Y 83 |7 73400 | |
| 242 | 0 | 1 | |a Design of robotic laser welding workplace |y eng |
| 245 | 1 | 0 | |a Návrh robotizovaného pracoviska na zváranie laserom |
| 260 | |c 2018 | ||
| 650 | 4 | |a laser technology |2 eng | |
| 650 | 4 | |a robotized workstation |2 eng | |
| 650 | 4 | |a welding workstation |2 eng | |
| 650 | 4 | |a zváranie laserom |2 slo | |
| 650 | 4 | |a robotizované pracovisko |2 slo | |
| 650 | 4 | |a zváracie pracovisko |2 slo | |
| 700 | 1 | |a Kovačócy, Pavel |u 063700 |k Z1 |4 ths |U MTF Ústav výrobných technológií |T MTF Katedra zvárania a zlievarenstva |X 4171 |U M3700 |Y 842 |7 A000004171 | |
| 856 | 4 | |u http://is.stuba.sk/zp/portal_zp.pl?podrobnosti=115056 | |
| 996 | |c M* BP-8293 |l MMSKP |s P |a 0 |w stuzp62527_0001 | ||